000 00442nam a22001217a 4500
082 _a220 PRO
100 _aNC MUHAMMAD HARIS MAHMOOD PC MUHAMMAD HARIS KHAN PC AMEER HAMZA KHAN
_971062
245 _aPR-SOF-1625- DESIGN AND FABRICATION OF A REFRIGRATOR FOR RURAL AREAS USING VAPOR COMPRESSION SYCLE
260 _aISLAMABAD
_bNUST COLLEGE OF EME
_c2017
650 _aDE-MECH-35
700 _aSUPERVISORS LEC MUHAMMAD HAIDER
_971063
942 _cCR
999 _c577786
_d577786